000 00322nam a2200109Ia 4500
008 171211s9999 xx 000 0 und d
245 _aDie große Fotoschule: Digitale Fotopraxis (2 Auflage)
245 _cChristian Westphalen
260 _c2014
650 _xcinema
856 _uhttp://down.ebook777.com/063/3836223848.pdf
999 _c348738
_d348738